000 00517nam a22001937a 4500
003 koha_MIRAKIL
005 20231213095650.0
008 231213b |||||||| |||| 00| 0 ||| d
020 _b978-9-75622742-8
040 _aTR-IsEVY
_btur
_cTR-IsEVY
082 _a800 LAB/İ
100 _aLabbe, Brigitte.
245 0 _aİyi ve kötü
260 _bGünışığı Kitaplığı,
_c2006
300 _a37 s.
650 _aFelsefe -- İyilik ve kötülük.
650 _aPhilosophy. -- Good and evil.
942 _2ddc
_cBK
999 _c7408
_d7408